00522nam a22001337a 4500040000700000082000800007100001600015245003500031260002600066942000700092999001500099952013100114952014300245 cSK a637 aPAYNE W.J.A aMilk production in the tropics aPhnom PenhbFAOc1989 cEK c8574d8574 0010406637_000000000000000_PAY_1989_C24270948827aLBCbLBCcC242d2016-08-05o637 PAY 1989 C242pRUA045883r2016-08-05yEK 0010406637_000000000000000_PAY_1989_C23970952998aLBCbLBCcC239d2016-10-12o637 PAY 1989 C239pRUA045417r2016-10-12w2016-10-12yEK